000 00522nam a2200241Ia 4500
008 210210b1909 xxu||||| |||| 00| 0 eng d
041 _aeng
082 _a940/323
100 _aLODGE
245 _aCentral period of the middle age Vol III
260 _aLondon
_bMethuen & co ltd
_c1909
440 _a3
650 _aVol
650 _athe
650 _aperiod
650 _aof
650 _amiddle
650 _aIII
650 _aCentral
650 _aage
690 _aEuropean History
906 _a025389
999 _c151263
_d151263